[Event "Copenhagen Chess Challenge 2019"]
[Site "Ballerup"]
[Date "2019.05.16"]
[Round "2.9"]
[White "Rishovd, Svein"]
[Black "Martin Haubro"]
[Result "0-1"]
[WhiteElo "2105"]
[BlackElo "2380"]
[Annotator "TA"]
[PlyCount "90"]
[EventDate "2019.05.16"]
[EventCountry "DEN"]
[SourceTitle "playchess.com"]
[Source "ChessBase"]
[SourceQuality "1"]

{[%evp 15,89,16,33,-4,12,10,30,15,23,24,38,18,39,4,59,62,70,82,75,83,103,101,81,51,42,45,75,44,77,65,65,53,53,55,57,60,54,53,169,41,48,12,45,19,33,-7,-7,-7,-7,-14,-13,-65,-7,-7,0,-28,-26,-49,0,-47,-47,-43,-39,-56,0,-348,-310,-291,0,-654,-570,-29995,-29984,-29998,-29999,-29999]} 1. Nf3 d5 2. g3 Nf6 3. Bg2 Bg4 4. O-O Nbd7 5. d3 e5 6. Nbd2 c6 7. e4 dxe4 8. dxe4 Qc7 9. Qe1 {A07: Réti Opening: New York and Capablanca Systems} Be7 (9... Nc5 10. a4 a5 11. Nc4 Nfd7 12. Bd2 b6 13. Ne3 Bh5 14. Nh4 f6 15. Kh1 Ne6 16. f4 {½-½ (25) Sasikiran,K (2688)-Sunilduth Lyna,N (2564) Helsingor 2017}) 10. h3 Bh5 11. a4 {White has an edge.} O-O 12. Nc4 Bg6 13. Nh4 Nc5 $146 {[%cal Rg6e4]} ({Predecessor:} 13... Nb6 14. Nxg6 hxg6 15. Qe2 a5 16. h4 Nfd7 17. Nxb6 Qxb6 18. h5 gxh5 19. Qxh5 {1-0 (57) Percivaldi,M (2376)-Aydincelebi,K (2060) Manavgat 2018}) 14. b4 Ne6 (14... Nxa4 $11 15. f4 (15. Rxa4 b5 $11 {[%mdl 64] Double Attack}) (15. Nxg6 hxg6 16. Rxa4 b5 $11 {[%mdl 64] Double Attack}) 15... Nb6 16. Nxg6 (16. Nxe5 c5 $14) 16... hxg6 17. Nxe5 Nfd7) 15. c3 $14 Nd7 16. Nf5 Bf6 17. h4 Rfd8 18. Qe2 Nb6 19. Be3 Nxc4 20. Qxc4 h6 21. a5 b5 22. axb6 axb6 23. Rxa8 Rxa8 24. Rd1 b5 25. Qe2 Ra3 26. Qb2 Bh5 (26... Ra4 $14) 27. f3 ({Of course not} 27. Qxa3 $6 Bxd1 28. Qa2 Qb8 $14) (27. g4 $1 $18 Bxg4 28. f3 Bxf3 29. Bxf3) 27... Ra8 28. Qf2 Bg6 29. Bf1 Qc8 30. Bb6 (30. Nd6 $5 {[%cal Rd6c8]} Qf8 31. Nb7 $11) 30... Bxf5 31. exf5 Nc7 32. Bxc7 Qxc7 33. c4 {[#]} ({White should play} 33. Qe3 $11) 33... bxc4 (33... e4 $1 $15 {[%mdl 512]} 34. fxe4 Ra3) 34. Bxc4 $11 Rb8 {And now ...e4 would win.} 35. Qd2 e4 36. Qd6 Qb6+ 37. Qc5 (37. Kg2 $5 {[%cal Rc4f7]}) 37... Qxb4 38. Qxc6 exf3 39. Kf2 $1 Qc3 {[#]} (39... Qa3 $15 40. Qd5 Rb2+ 41. Kf1 Qa7 42. Qxf3 Kh7) 40. Rd3 $2 {[%mdl 8192]} (40. Bxf7+ $1 $11 {[%mdl 512]} Kxf7 41. Qd5+ Kf8 42. Qd6+ {[%mdl 64] Double Attack} Kf7 43. Qd5+ Kf8 44. Qd6+ {[%mdl 64] Double Attack} Kf7 45. Qd5+) 40... Rb2+ 41. Kxf3 {[#]} Qe5 $2 $40 {[%mdl 128] White needs to defend precisely.} ({Black should try} 41... Qe1 $1 $19 {[%cal Re1e2] ( -> ...Qe2+)} 42. Bxf7+ Kxf7 43. Qc4+ Kf8 44. Qc8+ Qe8 45. Qxe8+ Kxe8) 42. Rd5 $2 {[%mdl 8192]} (42. Qd5 $11 Qe2+ 43. Kf4) 42... Qe1 $19 43. h5 Kh7 {Black mates.} 44. Rd3 Qe2+ 45. Kf4 Bg5# {Accuracy: White = 36%, Black = 35%.} 0-1

[Event "Copenhagen Chess Challenge 2019"]
[Site "Ballerup"]
[Date "2019.05.16"]
[Round "2.10"]
[White "Mikkel Strange"]
[Black "Haubro, Sigfred"]
[Result "1-0"]
[WhiteElo "2368"]
[BlackElo "2109"]
[Annotator "TA"]
[PlyCount "101"]
[EventDate "2019.05.16"]
[EventCountry "DEN"]
[SourceTitle "playchess.com"]
[Source "ChessBase"]
[SourceQuality "1"]

{[%evp 9,101,35,35,35,40,32,35,22,74,29,29,8,23,-8,0,0,45,19,31,31,43,25,76,42,70,79,78,99,110,80,78,76,81,75,79,12,81,0,0,0,0,0,0,0,58,58,58,60,157,110,108,78,181,173,183,175,182,186,857,859,854,855,847,849,834,826,812,783,2381,806,793,794,737,781,757,756,735,707,850,861,830,850,804,704,1008,1012,1032,960,1118,1095,29987,29988,29989,1051]} 1. e4 d5 2. exd5 Qxd5 3. Nc3 Qd8 4. d4 Nf6 5. Be2 (5. Nf3 g6 6. Be2 Bg7 7. O-O O-O 8. h3 Nc6 9. Be3 b6 10. Qd2 Bb7 11. Rad1 e6 12. Bh6 Ne7 13. Bxg7 Kxg7 {½-½ (23) Giri,A (2783)-Nakamura,H (2746) St Petersburg 2018}) 5... Bf5 6. Nf3 {B01: Scandinavian Defence} e6 7. O-O Be7 8. Bf4 {White is slightly better.} Nd5 $146 (8... O-O $11) ({Predecessor:} 8... O-O 9. Re1 Nc6 10. a3 a6 11. Qd2 Bd6 12. Nh4 Bxf4 13. Qxf4 Bxc2 14. Nf3 Qd6 15. Qxd6 cxd6 {0-1 (15) Blankenship,J-Nilsson,E (1788) ICCF email 2015}) 9. Bg3 O-O 10. Ne5 Nd7 11. Nc4 N7f6 12. Nxd5 Nxd5 (12... exd5 {with more complications.} 13. Ne3 Be4 14. c3 Re8 15. Qb3 Bd6) 13. Bf3 c6 14. c3 Rc8 15. a4 Bg6 (15... c5 $11) 16. Re1 c5 17. dxc5 Bxc5 18. Qb3 h5 19. Rad1 h4 20. Be5 Qg5 21. Nd6 ({Don't play} 21. Bxd5 exd5 22. Nd6 Bxd6 $11) 21... Rc6 22. Ne4 (22. Bxd5 $16 exd5 23. Rxd5 (23. Qxd5 Bxd6 24. Bxd6 {[%mdl 64] Discovered Attack} Qxd5 $14)) 22... Bxe4 (22... Qxe5 $11 {remains equal.} 23. Nxc5 Qc7) 23. Bxe4 ({White should play} 23. Rxe4 $16 {Bxg7! is the strong threat.} Rb6 24. Qc4) 23... Rb6 $11 24. Qc2 Ne3 $1 {[%cal Re3c2]} 25. Rxe3 Bxe3 26. Bc7 $36 {[%mdl 2048] White is more active.} Bf4 ({Better is} 26... Qe7 $11 27. Bxb6 Bxb6) 27. Bxb6 $14 axb6 28. g3 f5 (28... Be5 $14) 29. Bg2 Bc7 30. Qb3 Qg6 (30... Re8 $16 {was worth a try.}) 31. Qc4 ({Not} 31. Bxb7 f4 $11) 31... Rf7 32. Re1 hxg3 33. hxg3 f4 $2 (33... Re7 34. Rxe6 Rxe6) 34. Rxe6 $18 Qb1+ 35. Bf1 {White wants to mate with Re8+.} Kf8 36. Qb4+ Kg8 37. Re8+ Kh7 38. Qc4 Kg6 39. Qe6+ (39. Kg2 $142 f3+ 40. Kh2 Bxg3+ 41. fxg3 Qc2+ 42. Kh3) 39... Rf6 40. Qg4+ Kh7 41. Re7 {[%csl Ge7][%cal Rg4g7]} Rg6 42. Qh5+ Rh6 43. Qd5 Bd6 {[#]} 44. Kg2 $1 {[%mdl 512] Threatening mate with Bd3+.} Bxe7 45. Bd3+ Qxd3 46. Qxd3+ {KQ-KRB} Rg6 47. g4 Bd6 48. Qf5 Bc7 49. Kf3 Bd6 50. g5 Bc7 51. Ke4 {Accuracy: White = 59%, Black = 28%.} (51. Kg4 $142 Kg8 52. Qxg6 Kf8 53. Qe6 g6 {[#]} 54. Qc8+ $1 {[%mdl 576] Double Attack} Ke7 55. Qxc7+ {[%mdl 64] Double Attack} Ke6 56. Kxf4) 1-0

[Event "Copenhagen Chess Challenge 2019"]
[Site "Ballerup"]
[Date "2019.05.16"]
[Round "2.11"]
[White "Souhardo Basak"]
[Black "Vladimir Okhotnik"]
[Result "0-1"]
[WhiteElo "2082"]
[BlackElo "2347"]
[Annotator "TA"]
[PlyCount "104"]
[EventDate "2019.05.16"]
[EventCountry "DEN"]
[SourceTitle "playchess.com"]
[Source "ChessBase"]
[SourceQuality "1"]

{[%evp 9,104,44,70,54,58,62,53,26,26,18,23,19,25,-10,-8,-10,-41,-9,-13,-52,-22,-53,-43,-61,-29,-27,0,-64,-35,-68,0,0,166,165,154,160,146,155,157,155,172,170,141,135,136,130,143,0,0,-160,-160,-175,-162,-173,-225,-312,-299,-300,-295,-302,-222,-373,-341,-350,-349,-387,-376,-389,-252,-277,-253,-393,-391,-368,-287,-263,-235,-286,-218,-213,-218,-220,-206,-407,-407,-441,-449,-782,-780,-719,-712,-1058,-1035,-994,-978,-898,-851]} 1. e4 g6 2. d4 c6 3. Nc3 d5 4. e5 Bg7 5. f4 Qb6 (5... Nh6 6. Nf3 O-O 7. h3 Nf5 8. Bd3 Ng3 9. Rg1 f5 10. Bd2 b6 11. Nh2 c5 12. Be3 cxd4 13. Bxd4 Nc6 14. Nf3 Bb7 {1-0 (64) Jones,G (2682)-Howell,D (2696) London 2018}) 6. Nf3 {B15: Caro-Kann: 3 Nc3: 3...g6 and 3...dxe4 4 Nxe4 Nf6 5 Nxf6+ exf6} Bg4 7. Be2 Nh6 8. h3 {White is slightly better.} Bxf3 $1 9. Bxf3 ({Inferior is} 9. gxf3 Nf5 $17) 9... Nf5 10. Ne2 h5 11. g3 Nd7 $146 ({Predecessor:} 11... e6 12. O-O c5 13. dxc5 Qxc5+ {0-1 (31) Nielsen,A (2162)-Stany,G (2491) Fornebu 2017}) 12. b3 f6 13. Bb2 fxe5 14. fxe5 Bh6 15. Qd3 O-O-O 16. a4 e6 17. a5 Qa6 18. Qc3 {[#]} (18. Qxa6 $11 bxa6 19. Bc1) 18... c5 $1 $15 {[%mdl 512]} 19. b4 (19. dxc5 Bg7) 19... Rdf8 (19... h4 $1 $15 20. Bc1 Bxc1) 20. bxc5 Ne3 $2 {[#]} (20... h4 $11 {and Black stays safe.} 21. Bg4 Ne3 22. gxh4 Ng2+ 23. Kd1 Ne3+ 24. Ke1 Ng2+ 25. Kd1 Ne3+ 26. Ke1 Ng2+ 27. Kd1) 21. Nf4 $1 $18 {[%mdl 512]} Bxf4 22. gxf4 Nc4 23. Bc1 Nb8 24. Be2 Nc6 {[%cal Bb8c6,Bc6e7,Be7f5,Bf5d4][%mdl 32]} 25. Ra4 Ne7 26. Rg1 Qc6 27. Qa1 a6 28. Rg3 ({White should try} 28. c3 $16) 28... Nf5 $1 $11 {[%cal Rf5g3]} 29. Rb3 $2 {[#]} (29. Rd3 $11) 29... Nxd4 $1 $17 {[%mdl 576] Deflection} 30. Qxd4 Qxa4 31. c6 Qxc6 32. Ba3 Nxa3 33. Rxa3 {Rc3 is the strong threat.} Kb8 34. Rb3 Rc8 ({Weaker is} 34... Qxc2 {[#]} 35. Rxb7+ $1 {[%mdl 512]} Kxb7 36. Qb6+ Kc8 37. Qxe6+ Kb8 38. Qb6+ Ka8 39. Qxa6+ Kb8 40. Qb6+ Kc8 41. Qe6+ Kd8 42. Qd6+ Ke8 43. Qe6+ Kd8 44. Qd6+ Ke8 45. Qe6+ Kd8 $11) 35. c3 $2 (35. Rb6 Qc5 36. Qxc5 Rxc5 37. Kd2) 35... Rh7 36. Kd2 Qc5 37. Qxc5 Rxc5 $19 {[%mdl 4096] Endgame KRR-KRB} 38. Rb6 Rxa5 39. Rxe6 Rf7 40. Rxg6 (40. Rf6 $142 Rxf6 41. exf6) 40... Rxf4 41. e6 Kc7 42. Bxh5 {Hoping for e7.} Kd6 43. Bg4 d4 {aiming for ...dxc3+.} 44. Rg7 {Black should prevent Rd7+.} dxc3+ 45. Kxc3 Rc5+ 46. Kb3 $2 (46. Kd3 {was the only defense.}) 46... Rc7 47. Rg5 b5 {Black is clearly winning.} 48. Ka3 (48. Kb2 $142) 48... Rc3+ 49. Kb2 Re3 50. Kc2 Rf2+ 51. Kd1 Ra3 {[%cal Ra3a1]} 52. Ke1 Rh2 {Accuracy: White = 50%, Black = 73%.} 0-1

[Event "Copenhagen Chess Challenge 2019"]
[Site "Ballerup"]
[Date "2019.05.16"]
[Round "2.14"]
[White "Mikkel Manosri Jacobsen"]
[Black "Fossan, Aleksander"]
[Result "1-0"]
[WhiteElo "2319"]
[BlackElo "2075"]
[Annotator "NA RC"]
[PlyCount "27"]
[EventDate "2019.05.16"]
[EventCountry "DEN"]
[SourceTitle "playchess.com"]
[Source "ChessBase"]
[SourceQuality "1"]

1. d4 d6 2. Nf3 Bg4 3. Nbd2 Nd7 4. h3 Bxf3 5. Nxf3 e5 6. e4 Ngf6 7. Bc4 Be7 8. O-O O-O 9. Re1 h6 10. c3 c6 11. Bb3 Re8 12. Nh4 Nxe4 13. Rxe4 d5 14. Nf5 1-0

[Event "Copenhagen Chess Challenge 2019"]
[Site "Ballerup"]
[Date "2019.05.16"]
[Round "3.1"]
[White "Okhotnik, Vladimir"]
[Black "Burmakin, Vladimir"]
[Result "1/2-1/2"]
[WhiteElo "2347"]
[BlackElo "2519"]
[Annotator "TA"]
[PlyCount "65"]
[EventDate "2019.05.16"]
[EventCountry "DEN"]
[SourceTitle "playchess.com"]
[Source "ChessBase"]
[SourceQuality "1"]

{[%evp 10,65,60,42,50,52,83,88,87,69,39,41,80,26,18,29,27,3,3,3,16,8,10,0,25,0,0,0,0,0,-3,-7,0,-12,0,0,0,0,12,6,8,0,0,0,14,0,17,0,0,0,0,0,0,0,0,0,-10,-9]} 1. e4 d5 2. exd5 Qxd5 3. Nc3 Qd6 4. d4 Nf6 5. Nf3 c6 6. Ne5 Be6 {B01: Scandinavian Defence} (6... Nbd7 7. Nc4 Qc7 8. Qf3 Nb6 9. Bf4 Qd7 10. Nxb6 axb6 11. O-O-O Qd8 12. h3 e6 13. Bc4 Be7 14. g4 {½-½ (32) Grischuk,A (2750)-Rapport,R (2698) chess.com INT 2017}) 7. Bf4 {[#] And now Ng6! would win.} Qb4 8. a3 Qa5 {White is better.} 9. Bc4 Bxc4 10. Nxc4 Qf5 $146 ({Predecessor:} 10... Qd8 11. Qe2 e6 12. Ne4 Nxe4 13. Qxe4 Qd5 14. Qxd5 cxd5 15. Ne5 Bd6 16. Nd3 Bxf4 17. Nxf4 Nc6 18. c3 b5 19. Nd3 a5 20. Kd2 Ke7 21. Rhe1 {½-½ (21) Urazayev,A (2321)-Burmakin,V (2523) Almaty 2018}) 11. Bxb8 (11. Qd2 $16) 11... Rxb8 $11 12. Qe2 {[#] Hoping for Nd6+.} Rd8 13. Rd1 e6 14. O-O Be7 15. Rd3 O-O 16. Rfd1 Bd6 17. Nxd6 (17. g3 {is interesting.} Rfe8 18. Kg2 Bc7 19. Ne5 h6 20. Na4) 17... Rxd6 {The position is equal.} 18. Qe5 (18. f3 {keeps more tension.} Rd7 19. g3 Rfd8 20. Ne4 b6 21. Nxf6+ Qxf6 22. Qe4) 18... Rfd8 19. Qxf5 exf5 20. Ne2 Kf8 21. c4 g6 22. f3 R6d7 23. Kf2 b5 24. Rc1 Ne8 25. cxb5 cxb5 26. Rc5 Nd6 27. Rdc3 a6 28. b3 b4 29. axb4 Nb5 30. Rd3 Nxd4 31. Ra5 Nc6 32. Rxd7 Rxd7 33. Rxa6 {Accuracy: White = 64%, Black = 45%.} 1/2-1/2

[Event "Copenhagen Chess Challenge 2019"]
[Site "Ballerup"]
[Date "2019.05.16"]
[Round "3.1"]
[White "Laustsen, Lars"]
[Black "Nielsen, Thomas Bach"]
[Result "1-0"]
[WhiteElo "2140"]
[BlackElo "2127"]
[Annotator "TA"]
[PlyCount "25"]
[EventDate "2019.05.16"]
[EventCountry "DEN"]
[SourceTitle "playchess.com"]
[Source "ChessBase"]
[SourceQuality "1"]

{[%evp 17,26,29,33,41,53,45,48,42,116,61,29999]} 1. d4 d5 2. c4 e6 3. Nf3 c5 4. cxd5 exd5 5. g3 Nc6 6. Bg2 Nf6 7. O-O Be7 8. dxc5 Bxc5 9. Qc2 Be7 10. Rd1 {D30: Queen's Gambit Declined: Systems without Nc3} O-O 11. Nc3 Be6 (11... Qa5 12. Qb3 Rd8 13. Be3 Qb4 14. Nd4 Qxb3 15. axb3 Be6 16. Ncb5 Nxd4 17. Bxd4 a6 18. Nc3 Ne4 19. Bb6 Rd6 {½-½ (31) Pavlovic,M (2512)-Morovic Fernandez,I (2550) Moscow 2017}) 12. Ng5 h6 {[#]} (12... Qe8 $14) 13. Nxe6 {Played: Nc3xd5} 1-0

[Event "Copenhagen Chess Challenge 2019"]
[Site "Ballerup"]
[Date "2019.05.16"]
[Round "3.2"]
[White "Steenstrup, Svend"]
[Black "Thorsbro, Peter"]
[Result "0-1"]
[WhiteElo "1936"]
[BlackElo "2116"]
[Annotator "TA"]
[PlyCount "40"]
[EventDate "2019.05.16"]
[EventCountry "DEN"]
[SourceTitle "playchess.com"]
[Source "ChessBase"]
[SourceQuality "1"]

{[%evp 13,82,-8,14,8,13,6,40,40,35,20,29,27,32,9,21,20,26,18,18,0,0,-322,-318,-321,-337,-634,-634,-698,-617,-673,-672,-699,-581,-948,-938,-1032,-1023,-984,-958,-1516,-1490,-1116,-882,-926,-913,-890,-811,-853,-846,-977,-941,-1852,-1774,-1824,-1796,-1735,-1632,-1036,-925,-923,-764,-5718,-5694,-5381,-1231,-1000,-935,-29987,-29988,-29998,-29999]} 1. d4 Nf6 2. c4 e6 3. Nc3 Bb4 4. e3 O-O 5. Nge2 d5 6. a3 Be7 7. Nf4 b6 8. cxd5 {E46: Nimzo-Indian: Rubinstein: 4 e3 0-0 5 Ne2 without early Bd3} exd5 9. b4 {[%cal Bb2b4,Bb4b5][%mdl 32]} a5 $146 ({Predecessor:} 9... c6 10. Bd3 Ba6 11. O-O Bd6 12. f3 Re8 13. Ra2 Bc4 14. Raf2 a5 15. b5 Bxf4 16. exf4 cxb5 17. Nxb5 {½-½ (57) Del Rio de Angelis,S (2457)-Vazquez Igarza,R (2548) San Sebastian 2019}) 10. b5 {White is slightly better.} Bb7 11. Bb2 Re8 12. Bd3 Nbd7 13. Qf3 {[%cal Rf4d5]} Nf8 14. O-O Ng6 15. Nxg6 hxg6 16. Rfe1 Bd6 17. e4 $2 {[%mdl 8192] [#]} (17. a4 $11) 17... dxe4 $1 $19 18. Nxe4 Nxe4 19. Bxe4 $2 {[#]} (19. Rxe4 Bxe4 20. Bxe4) 19... Qh4 $1 {[%csl LRe4,LRh2][%cal Rh4h2]} 20. d5 {[#]} Qxh2+ {Played: Bb7xd5} 0-1

[Event "Copenhagen Chess Challenge 2019"]
[Site "Ballerup"]
[Date "2019.05.16"]
[Round "3.3"]
[White "Hoi, Carsten"]
[Black "Haldorsen, Benjamin"]
[Result "0-1"]
[WhiteElo "2341"]
[BlackElo "2437"]
[Annotator "TA"]
[PlyCount "66"]
[EventDate "2019.05.16"]
[EventCountry "DEN"]
[SourceTitle "playchess.com"]
[Source "ChessBase"]
[SourceQuality "1"]

{[%evp 12,66,-8,-4,0,0,3,0,2,4,12,16,67,39,40,33,41,18,31,34,73,71,77,69,136,140,187,173,239,214,222,63,57,58,60,0,14,0,0,0,0,11,28,19,16,0,148,0,0,-1180,-1137,-29984,-29984,-29981,-29981,-29988,-29989]} 1. d4 d5 2. Nf3 Nf6 3. c4 e6 4. Nc3 c6 5. e3 Nbd7 6. b3 Bb4 7. Bd2 b6 {D45: Semi-Slav: 5 e3} (7... O-O 8. Bd3 Qe7 9. a3 Bxa3 10. Ne5 Nxe5 11. dxe5 Nd7 12. f4 Bc5 13. O-O d4 14. exd4 Bxd4+ 15. Kh1 b5 16. Qf3 Nc5 {½-½ (34) Kovalenko,I (2659)-Svane,R (2573) Karlsruhe 2017}) 8. Bd3 Bb7 $146 ({Predecessor:} 8... dxc4 9. bxc4 Bb7 10. O-O O-O 11. Qc2 c5 12. a3 Ba5 13. Rad1 cxd4 14. exd4 Bxf3 15. gxf3 {Cuadrado Wentwort Hyde,G (2447)-Perry,D (2502) ICCF email 2016 (65)}) 9. O-O Bd6 {The position is equal.} 10. Qe2 dxc4 11. bxc4 c5 (11... O-O $11) 12. d5 exd5 13. Nxd5 O-O 14. Bc3 Re8 15. Rad1 h6 16. Qb2 Bxd5 17. cxd5 Qc7 (17... a6 $14) 18. Bb5 $16 Nh5 19. Rfe1 f5 (19... Ndf6 {is a better defense.} 20. Bxe8 Rxe8) 20. h3 Rf8 21. Bxd7 $2 (21. Qc2 $18) 21... Qxd7 $14 22. Ne5 Qc7 23. g4 (23. Nc4 $14) 23... fxg4 24. hxg4 Nf6 25. f3 Rae8 {[%cal Rd6e5]} 26. Ng6 {Black should prevent e4.} Rf7 27. e4 {Hoping for e5.} Bg3 {White must now prevent ...Nxg4!} 28. Re2 $36 {[%mdl 2048] Strongly threatening Kg2. White has good play.} Qd7 (28... Nxg4 $11 {keeps the balance.} 29. Qb5 (29. fxg4 Bf2+ {[%mdl 64] Decoy} 30. Rxf2 Qg3+ {[%mdl 64] Double Attack} 31. Rg2 Qe3+ {[%mdl 64] Double Attack} 32. Rf2 Qg3+ {[%mdl 64] Double Attack} 33. Rg2 Qe3+ {[%mdl 64] Double Attack} 34. Rf2 Qg3+ $11 {[%mdl 64] Double Attack}) 29... Qc8) 29. e5 ({Better is} 29. Rg2 $16 Bb8 30. Qe2) 29... Nxd5 $11 {[%mdl 64] [#] Discovered Attack} 30. Red2 $2 {[%mdl 8192]} (30. Qb3 $11 Rxf3 31. e6) 30... Rxf3 $19 31. Qb3 Qxg4 {Black mates.} 32. Qxd5+ {[#]} Kh7 $1 {[%mdl 512]} 33. Rg2 Bf2+ {Accuracy: White = 37%, Black = 38%.} 0-1

[Event "Copenhagen Chess Challenge 2019"]
[Site "Ballerup"]
[Date "2019.05.16"]
[Round "3.3"]
[White "Haubro, Sigfred"]
[Black "Hald Falkesgaard, Jeppe"]
[Result "1-0"]
[WhiteElo "2109"]
[BlackElo "1878"]
[Annotator "TA"]
[PlyCount "77"]
[EventDate "2019.05.16"]
[EventCountry "DEN"]
[SourceTitle "playchess.com"]
[Source "ChessBase"]
[SourceQuality "1"]

{[%evp 9,77,6,12,6,15,0,9,13,26,26,22,15,31,-3,18,18,4,20,13,12,157,122,140,104,106,104,97,112,117,126,207,120,107,54,47,49,159,97,149,143,151,95,61,72,94,67,95,83,70,64,71,65,138,129,218,218,219,204,383,349,1287,122,131,95,1920,1733,1789,1667,29990,4990]} 1. b3 d5 2. Bb2 c5 3. e3 Nc6 4. Nf3 e6 5. d4 (5. Bb5 Nge7 6. O-O a6 7. Be2 d4 8. Re1 Ng6 9. Bd3 Be7 10. Be4 e5 11. exd4 exd4 12. c3 O-O 13. cxd4 Nxd4 14. Nxd4 cxd4 {0-1 (35) Sadzikowski,D (2587)-Najer,E (2693) Czech Republic 2017}) 5... cxd4 6. exd4 {A06: Réti Opening:1 Nf3 d5} Nf6 7. a3 a6 8. Bd3 {The position is equal.} Bd6 9. O-O O-O 10. Nbd2 b5 11. b4 $146 {[%cal Bb3b4,Bb4c5][%mdl 32]} ({Predecessor:} 11. Ne5 Bb7 12. Qe2 Qc7 13. f4 b4 14. Nxc6 Bxc6 15. axb4 Bxf4 16. Nf3 Bd6 17. c3 {½-½ (36) Wolf,W (2308)-Klapp,H (2260) GER email 2016}) 11... Qb6 12. Nb3 a5 13. c3 a4 14. Nc5 Bxc5 (14... e5 $11 15. Nxe5 Nxe5 16. dxe5 Bxe5) 15. bxc5 Qb8 16. Qe2 Ba6 17. Bc1 h6 18. Rb1 Qc7 19. Re1 Na5 (19... Rfe8 $16) 20. g3 ({Much less strong is} 20. Bxb5 $6 Rfb8 $14) (20. Ne5 $18) 20... Nc4 $16 21. Bf4 ({White should play} 21. Ne5 $16) 21... Qa5 $1 $14 22. Bxc4 bxc4 (22... dxc4 $14 23. Qd2 Bb7) 23. Rbc1 ({White should try} 23. Rb4) 23... Ne4 {[#]} (23... Ra7 $142) 24. Ne5 $1 $16 Bb5 25. Qh5 ({Better is} 25. Ng4) 25... Be8 26. f3 Nf6 27. Qh3 (27. Qh4 {is more complex.} Nh7 28. Qe7 g5 29. Bd2 Ra7 30. Qd6) 27... Ra7 28. Ng4 (28. Qh4 {looks sharper.} Rb7 29. Bxh6 Nh7 30. Bf4 f6 31. Ng4) 28... Nxg4 29. fxg4 Bd7 30. Bd6 Re8 (30... Rfa8 $14) 31. Qh5 Rb7 (31... e5 $16) 32. Rf1 Bc6 33. Rf3 {Black must now prevent g5.} Rc8 $2 (33... Qd8 {might work better.}) 34. g5 $18 hxg5 $2 (34... Be8 35. gxh6 f5) 35. Qxg5 $2 (35. g4 $18 {and the rest is easy. Strongly threatening Rh3.} f6 36. Rh3) 35... Qd8 $16 36. Qh5 $40 {[%mdl 128] White is out for blood.} Rb3 $2 {[%mdl 8192]} (36... Be8 $16) 37. Qxf7+ $18 {[%mdl 64] [#] Double Attack} Kh8 38. Qxe6 Rxa3 39. Rcf1 {Accuracy: White = 59%, Black = 30%.} (39. g4 $142 Qh4 40. Qxc8+ {[%mdl 64] Double Attack} Be8 41. Rf8+ {[%mdl 64] Double Attack} Kh7 42. Rxe8 Qf6 43. Rh8+ Kg6 44. Qe8+ Qf7 45. Qe5) 1-0

[Event "Copenhagen Chess Challenge 2019"]
[Site "Ballerup"]
[Date "2019.05.16"]
[Round "3.4"]
[White "Moe, Mogens"]
[Black "Kaasen, Tor Fredrik"]
[Result "1-0"]
[WhiteElo "2136"]
[BlackElo "2398"]
[Annotator "NA RC"]
[PlyCount "48"]
[EventDate "2019.05.16"]
[EventCountry "DEN"]
[SourceTitle "playchess.com"]
[Source "ChessBase"]
[SourceQuality "1"]

1. e4 c5 2. Nf3 d6 3. d4 cxd4 4. Nxd4 Nf6 5. Nc3 a6 6. Bg5 e6 7. f4 Qc7 8. Qf3 b5 9. a3 Nbd7 10. O-O-O Bb7 11. g4 {B96: Sicilian Najdorf: 6 Bg5 e6 7 f4, lines other than 7...Qb6 and 7...Be7} (11. Kb1 Rc8 12. Bd3 Qb6 13. Bxf6 Nxf6 14. Na2 Be7 15. Rhe1 O-O 16. c3 d5 17. e5 Ne4 18. f5 Bc5 {1-0 (32) Savchenko,B (2566)-Amonatov,F (2636) Riadh 2017}) 11... Rc8 12. Bxf6 Nxf6 13. g5 Nd7 14. h4 Nb6 15. Bh3 d5 16. Rd3 $146 ({Predecessor:} 16. Bxe6 fxe6 17. Nxe6 Qc4 18. exd5 Bxa3 19. Nxg7+ {0-1 (30) Andersen,A (2194)-Vyskocil,N (2349) Brno 2007}) 16... dxe4 17. Nxe4 Nd5 18. Rf1 g6 19. Rf2 Bd6 20. Nxe6 fxe6 21. Bxe6 Bxf4+ 22. Kb1 Rd8 23. Bxd5 $18 Bxd5 24. Nf6+ Ke7 1-0